Wiely Cpa exam review impact audios : Financial accounting and reporting

Wiley CPA Examination Review Impact Audios, Second Edition contains dynamic lectures on vital parts and modules of the new computerised CPA Examination. The audios are designed to facilitate memory and reinforce key concepts. They are filled with mnemonic devices, exam strategies, and a thorough rev...

Cur síos iomlán

Đã lưu trong:
Sonraí Bibleagrafaíochta
Príomhúdar: Hopkins, Debra
Formáid: Leabhar
Teanga:Undetermined
Foilsithe: New York Wiley 2005
Ábhair:
Clibeanna: Cuir Clib Leis
Gan Chlibeanna, Bí ar an gcéad duine leis an taifead seo a chlibeáil!
Thư viện lưu trữ: Trung tâm Học liệu Trường Đại học Cần Thơ
LEADER 00954nam a2200217Ia 4500
001 CTU_103725
008 210402s9999 xx 000 0 und d
082 |a 657 
082 |b H793/CD.2 
100 |a Hopkins, Debra 
245 0 |a Wiely Cpa exam review impact audios : 
245 0 |b Financial accounting and reporting 
245 0 |c Debra Hopkins 
260 |a New York 
260 |b Wiley 
260 |c 2005 
520 |a Wiley CPA Examination Review Impact Audios, Second Edition contains dynamic lectures on vital parts and modules of the new computerised CPA Examination. The audios are designed to facilitate memory and reinforce key concepts. They are filled with mnemonic devices, exam strategies, and a thorough review of the skills and concepts needed to pass the exam 
650 |a Accounting,Financial statements 
650 |z United states,United states 
904 |i Tuyến 
980 |a Trung tâm Học liệu Trường Đại học Cần Thơ